Missing Word: Flowers in the Movies Quiz Stats

 Plays Quiz Updated Apr 24, 2018

Score 0/12 Timer 03:00
0 Plays Today
Movie Flower % Correct
The Purple _____ of CairoRose
96%
Driving Miss _____Daisy
93.1%
Steel _____Magnolias
88%
Lock, _____, and BarrelStock
81.2%
The Black _____Dahlia
72.5%
_____ of the Field Lilies
55.8%
My Dog _____Tulip
38.4%
Wild _____Orchid
36.5%
The _____ Is Also a Flower Poppy
19.1%
American _____Violet
19.1%
The _____ Effect Iris
18.5%
The Blue _____Gardenia
5.9%

Today's Daily Dose

Missing Word
No Snow!

Word Ladder
Wild Cats

On This Day
December 16th II

You're not logged in!

Compare scores with friends on all Sporcle quizzes.
OR
Log In

You Might Also Like...

Show Comments

Extras

Top Quizzes Today


Score Distribution

Your Account Isn't Verified!

In order to create a playlist on Sporcle, you need to verify the email address you used during registration. Go to your Sporcle Settings to finish the process.

Report this User

Report this user for behavior that violates our Community Guidelines.

Details: